Ciencia de la lógica. Primera parte

Resumen general: La Ciencia de la lógica es una obra pilar dentro de la corriente filosófica del idealismo alemán. Su extensión es monumental, se divide en tres grandes volúmenes, donde se trabajan, en numerosos apartados, los más importantes problemas de la filosofía, a través de todos los tiempos....

Disgrifiad llawn

Wedi'i Gadw mewn:
Manylion Llyfryddiaeth
Prif Awdur: Hegel, G. W. F.
Fformat: Llyfr
Iaith:Undetermined
Cyhoeddwyd: Buenos Aires, Argentina Ediciones Solar 1982
Rhifyn:5
Pynciau:
Tagiau: Ychwanegu Tag
Dim Tagiau, Byddwch y cyntaf i dagio'r cofnod hwn!

MARC

LEADER 00000nam a2200000Ia 4500
008 170316s9999 xx 000 0 und d
040 |a cru BVZT 
090 |a 100 H-12ci v.1 
100 |a Hegel, G. W. F. 
245 |a Ciencia de la lógica. Primera parte 
250 |a 5 
260 |a Buenos Aires, Argentina 
260 |b Ediciones Solar 
260 |c 1982 
300 |a 498 páginas Vol. 1 
520 |a Resumen general: La Ciencia de la lógica es una obra pilar dentro de la corriente filosófica del idealismo alemán. Su extensión es monumental, se divide en tres grandes volúmenes, donde se trabajan, en numerosos apartados, los más importantes problemas de la filosofía, a través de todos los tiempos. Su núcleo argumentativo se puede identificar en la tesis representativa de la dialéctica hegeliana, basada en la tensa unidad de la lucha entre los contrarios, fundamento de todo fenómeno. Asimismo, su éxito radica en la acertada deducción de los conceptos puros del entendimiento, entendidos como puramente ontológicos, sobre lo que tanto se esforzó Kant. Entre los temas que figuran a lo largo de la obra se puede mencionar la lógica objetiva, el problema del Ser, el determinismo, el ser para sí, la magnitud. 
650 |a FILOSOFÍA  |9 5 
650 |a LÓGICA OBJETIVA 
650 |a DOCTRINA DEL SER 
650 |a DETERMINACIÓN 
650 |a EL SER DETERMINADO O LA EXISTENCIA 
650 |a EL SER PARA SI COMO TAL 
650 |a LA MAGNITUD 
650 |a LA CANTIDAD 
650 |a EL CUANTO 
650 |a LA RELACIÓN CUANTITATIVA 
650 |a LA MEDIDA 
650 |a EL DEVENIR DE LA ESENCIA 
999 |c 16409  |d 16409 
942 |c 4 D  |h 100 H-12ci v.1  |2 z